Holy warriors : (Record no. 15440)

000 -LEADER
fixed length control field 02321cam a2200361 a 4500
001 - CONTROL NUMBER
control field 15866898
005 - DATE AND TIME OF LATEST TRANSACTION
control field 20170105102918.0
008 - FIXED-LENGTH DATA ELEMENTS--GENERAL INFORMATION
fixed length control field 090813s2010 nyuab b 001 0 eng
010 ## - LIBRARY OF CONGRESS CONTROL NUMBER
LC control number 2009033153
020 ## - INTERNATIONAL STANDARD BOOK NUMBER
International Standard Book Number 9781400065806 (acidfree paper)
020 ## - INTERNATIONAL STANDARD BOOK NUMBER
International Standard Book Number 1400065801 (acidfree paper)
020 ## - INTERNATIONAL STANDARD BOOK NUMBER
International Standard Book Number 9781588369758 (ebook)
020 ## - INTERNATIONAL STANDARD BOOK NUMBER
International Standard Book Number 1588369757 (ebook)
040 ## - CATALOGING SOURCE
Original cataloging agency DLC
Transcribing agency DLC
Modifying agency BTCTA
043 ## - GEOGRAPHIC AREA CODE
Geographic area code e------
-- aw-----
050 00 - LIBRARY OF CONGRESS CALL NUMBER
Classification number D157
Item number .P55 2010
082 00 - DEWEY DECIMAL CLASSIFICATION NUMBER
Classification number 909.07
Edition number 22
100 1# - MAIN ENTRY--PERSONAL NAME
Personal name Phillips, Jonathan
Fuller form of name (Jonathan P.)
245 10 - TITLE STATEMENT
Title Holy warriors :
Remainder of title a modern history of the crusades /
Statement of responsibility, etc. Jonathan Phillips.
250 ## - EDITION STATEMENT
Edition statement 1st ed.
260 ## - PUBLICATION, DISTRIBUTION, ETC.
Place of publication, distribution, etc. New York :
Name of publisher, distributor, etc. Random House,
Date of publication, distribution, etc. 2010.
300 ## - PHYSICAL DESCRIPTION
Extent xxv, 434 p. :
Other physical details ill., maps
Dimensions 25 cm.
504 ## - BIBLIOGRAPHY, ETC. NOTE
Bibliography, etc. note Includes bibliographical references and index.
505 0# - FORMATTED CONTENTS NOTE
Formatted contents note "Deus vult!": the First Crusade and the capture of Jerusalem, 1095-1099 -- "May god's curse be upon them!": relations between Muslims and Franks in the Levant, 1099-1187 -- "A woman of unusual wisdom and discretion": queen melisende of jerusalem -- The "blessed generation": St. Bernard of Clairvaux and the Second Crusade, 1145-1149 -- Saladin, the leper king and the fall of Jerusalem in 1187 -- "Nowhere in the world would ever two such princes be found": Richard the Lionheart, Saladin and the Third Crusade -- "An example of affliction and the works of hell": the Fourth Crusade and the sack of Constantinople, 1204 -- From "little foxes in the vines" and the Children's Crusade to the greatest church council of the age -- "Stupor mundi": the wonder of the world: Frederick II, the Fifth Crusade and the recovery of Jerusalem -- "To kill the serpent, first you must crush the head": the crusade of Louis IX and the rise of the sultan baibars -- From the trial of the Templars to Ferdinand and Isabella, Columbus and the conquest of the new world -- New crusaders? From Sir Walter Scott to Osama Bin Laden and George W. Bush.
650 #0 - SUBJECT ADDED ENTRY--TOPICAL TERM
Topical term or geographic name entry element Crusades.
650 #0 - SUBJECT ADDED ENTRY--TOPICAL TERM
Topical term or geographic name entry element Crusades
General subdivision Influence.
650 #0 - SUBJECT ADDED ENTRY--TOPICAL TERM
Topical term or geographic name entry element Religion and civilization.
651 #0 - SUBJECT ADDED ENTRY--GEOGRAPHIC NAME
Geographic name Middle East
General subdivision History.
651 #0 - SUBJECT ADDED ENTRY--GEOGRAPHIC NAME
Geographic name Europe
General subdivision Church history
Chronological subdivision 600-1500.
906 ## - LOCAL DATA ELEMENT F, LDF (RLIN)
a 7
b cbc
c orignew
d 1
e ecip
f 20
g y-gencatlg
942 ## - ADDED ENTRY ELEMENTS (KOHA)
Source of classification or shelving scheme
Koha item type Book
Holdings
Withdrawn status Lost status Source of classification or shelving scheme Damaged status Not for loan Collection code Permanent Location Current Location Shelving location Date acquired Total Checkouts Full call number Barcode Date last seen Price effective from Koha item type
            Centre for International Peace & Stability (CIPS) Centre for International Peace & Stability (CIPS) General Stacks 10/02/2013   909.07 PHI 2009 CIPS0002140 12/02/2013 12/02/2013 Book
© 2023 Central Library, National University of Sciences and Technology. All Rights Reserved.